| 000 | 00442nam a22001457a 4500 | ||
|---|---|---|---|
| 008 | 250914b |||||||| |||| 00| 0 eng d | ||
| 022 | _a2581849X | ||
| 041 | _aeng | ||
| 245 | _aJournal of Information Technology and Sciences | ||
| 260 |
_aUttar Pradesh _bMAT Journal _c2025 |
||
| 300 | _a58:. p | ||
| 651 | _aInformation Technology | ||
| 856 | _uhttps://matjournals.com/Journal-of-Information-Technology-and-Sciences.html | ||
| 942 |
_cSR _s1 |
||
| 999 |
_c46498 _d46498 |
||